000 00410nam a2200157 i 4500
001 38514
003 ES-MaACL
005 20230906155754.0
007 t|
008 030225q19001999fr ||||1| fre d
100 1 _aCain, Georges.
_933469
245 1 0 _aA travers Paris /
_cGeorges Cain.
260 _aParis :
_b[s.n.,
_c19--?] (
_fMemmerlé et Cia.)
300 _a424 p. ;
_c18 cm.
852 _aES-MaACL
_jF-2704
999 _c38514
_d38514